01746nam a2200253 i 4500001001000000003000900010005001700019007000300036008004100039040003000080082001400110110007800124245016400202264003600366300004500402336002700447337003300474338002800507504003200535505074100567700005401308700005201362710007801414000020574DO-SdBNP20240315194914.0ta100810s2014 dr a r 000 0 spa d aDO-SdBNPbspacBNPHUerda 4bC755p2221 aConsejo de Desarrollo de la Provincia de La Vega (República Dominicana)10aPlan estratégico de desarrollo de la provincia La Vega :bPEVEGA /cprólogo, Juan Temístocles Montás ; presentación, Andrés Rodríguez Céspedes. aSanto Domingo :bPEVEGA,c2014. a326 páginas :bilustraciones ;c23 cm. 2rdacontentatextobtxt 2rdamediaasin mediaciónbn 2rdacarrieravolumenbnc aBibliografía : p. 323-3260 aGlosario -- prólogo -- presentación -- Autoridades Provincia La Vega -- Consejo de Desarrollo Provincia La Vega -- Caracterización de la provincia La Vega -- Visión del plan estratégico de desarrollo provincia La Vega -- Objetivos del plan estratégico de desarrollo Provincia La Vega -- Estrategias del plan estratégico de desarrollo -- Ejes transversales del plan estratégico de desarrollo provincia La Vega -- Finalidades del plan estratégico de desarrollo Provincia La Vega -- Ámbito uso de suelo, sostenibilidad ambiental y cambio climático -- Ámbito economía integralidad y competitividad -- Ámbito inclusión social, igualdad de derechos y oportunidades --Ámbito gobernanza y desarrollo ciudadano --1 aRodríguez Céspedes, Andrés,epresentación1 aMontás, Juan Temístocles d1950-eprólogo2 aConsejo de Desarrollo de la Provincia de La Vega (República Dominicana)